[Event "Let's Play Chess!"]
[Site "http://www.queenalice.com/game.php?id=1800873"]
[Date "2022.12.5"]
[Round "-"]
[White "Charles56"]
[Black "Japy104"]
[Result "1-0"]
[WhiteElo "1773"]
[BlackElo "1919"]

1. Nc3 e5 2. e4 Nf6 3. a3 Nc6 4. h3 Bc5 5. Nf3 O-O 6. Bc4 h6 7. d3 Re8 8. g4 d6
9. g5 hxg5 10. Bxg5 Be6 11. Bxe6 Rxe6 12. Nd5 Qd7 13. Qd2 Nd4 14. Nxd4 Bxd4 15.
c3 1-0

[Event "Challenge"]
[Site "http://www.queenalice.com/game.php?id=1803077"]
[Date "2022.12.31"]
[Round "-"]
[White "Japy104"]
[Black "cdare"]
[Result "1-0"]
[WhiteElo "1926"]
[BlackElo "1865"]

1. c4 e5 2. Nc3 Nf6 3. g3 Nc6 4. Bg2 Bb4 5. e3 d6 6. Nge2 O-O 7. O-O Be6 8. b3
a6 9. Bb2 Rb8 10. d4 exd4 11. exd4 Bxc3 12. Bxc3 Bf5 13. Re1 Ne4 14. Bxe4 Bxe4
15. Nf4 Bf5 16. Qf3 Qd7 17. Re3 Rfe8 18. Rae1 Rxe3 19. Rxe3 Bg4 20. Qe4 b5 21.
d5 Na7 22. Qd4 f6 23. Qxa7 Qc8 24. Qd4 Qf5 25. h3 Bd1 26. Qxd1 1-0

[Event "Challenge"]
[Site "http://www.queenalice.com/game.php?id=1805306"]
[Date "2023.2.2"]
[Round "-"]
[White "cdare"]
[Black "Japy104"]
[Result "0-1"]
[WhiteElo "1858"]
[BlackElo "1940"]

1. e4 c5 2. Nf3 Nc6 3. c3 Nf6 4. d3 g6 5. Be3 d6 6. Be2 Bg7 7. Nbd2 O-O 8. O-O
Re8 9. h3 Be6 10. c4 Nd7 11. Ng5 Nde5 12. Nxe6 fxe6 13. b3 Rf8 14. Nf3 Nxf3+ 15.
Bxf3 Bxa1 16. Qxa1 Ne5 17. Be2 Rf7 18. Bh6 Rf6 19. f4 Nf7 20. Bg5 Nxg5 21. fxg5
Rxf1+ 22. Qxf1 Qa5 23. a4 Qc3 24. Qb1 Qd4+ 25. Kh1 Rf8 26. Bg4 Qe5 27. Qc1 Rf2
28. Bf3 Qg3 29. Qe1 Rxf3 30. Qxg3 Rxg3 31. Kg1 Rxd3 0-1

[Event "One more nice game"]
[Site "http://www.queenalice.com/game.php?id=1806294"]
[Date "2023.2.17"]
[Round "-"]
[White "Japy104"]
[Black "Mlintz"]
[Result "1/2-1/2"]
[WhiteElo "1953"]
[BlackElo "1895"]

1. d4 e6 2. c4 b6 3. Nc3 Bb7 4. e4 Bb4 5. f3 f5 6. Bd3 fxe4 7. Bxe4 Bxe4 8. fxe4
Qh4+ 9. Kd2 Bxc3+ 10. Kxc3 Qxe4 11. Nf3 Nf6 12. Ng5 Qg6 13. Bd2 O-O 14. Qe2 Nc6
15. b3 Rae8 16. Qd3 Qxd3+ 17. Kxd3 Ng4 18. Be3 Nxe3 19. Kxe3 Rf5 20. Nf3 Ref8
21. Rhf1 Nb4 22. Kd2 Nc6 23. Ke2 g5 24. g4 Rf4 25. Rad1 Rxg4 26. Rg1 Rxg1 27.
Rxg1 h6 28. h4 Rf5 29. hxg5 hxg5 30. a3 Kf7 31. Nxg5+ Ke7 32. Ke3 Rf8 33. Nf3
Kd8 34. Nd2 Ne7 35. Ke4 d6 36. Rf1 Rxf1 37. Nxf1 Ng6 38. Ne3 Ne7 39. b4 a6 40.
d5 exd5+ 41. Nxd5 Kd7 42. Nxe7 Kxe7 43. Kd4 c6 44. c5 b5 45. cxd6+ Kxd6 46. Ke4
c5 47. bxc5+ Kxc5 48. Kd3 a5 49. Kc3 Kd5 50. Kd3 b4 51. axb4 axb4 52. Kc2 Kc4
53. Kb2 b3 54. Kb1 Kc3 55. Kc1 b2+ 56. Kb1 Kb3 1/2-1/2

[Event "Challenge"]
[Site "http://www.queenalice.com/game.php?id=1812439"]
[Date "2023.5.23"]
[Round "-"]
[White "Japy104"]
[Black "cdare"]
[Result "1-0"]
[WhiteElo "1938"]
[BlackElo "1859"]

1. c4 e5 2. Nc3 Nf6 3. g3 Nc6 4. Bg2 Bb4 5. Nd5 Nxd5 6. cxd5 Nd4 7. Qa4 Bc5 8.
e3 Nf5 9. Ne2 O-O 10. O-O d6 11. Qc2 Bd7 12. b3 Qg5 13. Bb2 Qh5 14. Rae1 Nh6 15.
Qc3 Bh3 16. Nf4 Bxg2 17. Nxh5 Bxf1 18. Rxf1 f6 19. Nxg7 Kxg7 20. Kg2 b5 21. Qa5
Bb6 22. Qxb5 Rab8 23. Qc4 Kh8 24. f4 Ng4 25. fxe5 Nxe5 26. Qh4 f5 27. Qg5 Rf7
28. Rxf5 Rg7 29. Rxe5 dxe5 30. Bxe5 Rg8 31. Bxg7+ Rxg7 32. Qe5 a5 33. d6 cxd6
34. Qxd6 1-0

[Event "Challenge"]
[Site "http://www.queenalice.com/game.php?id=1816475"]
[Date "2023.7.17"]
[Round "-"]
[White "cdare"]
[Black "Japy104"]
[Result "0-1"]
[WhiteElo "1785"]
[BlackElo "1933"]

1. e4 d5 2. e5 Nc6 3. Nf3 Bg4 4. Be2 e6 5. d4 Nge7 6. c3 Qd7 7. Bf4 O-O-O 8.
Nbd2 Nf5 9. O-O Be7 10. Bg5 h6 11. Bxe7 Qxe7 12. a3 f6 13. h3 Bxf3 14. Bxf3 fxe5
15. dxe5 Nxe5 16. Be2 g6 17. Nf3 Nxf3+ 18. Bxf3 Qg5 19. Qa4 Kb8 20. Qb4 Nh4 21.
Qg4 Nxf3+ 22. Qxf3 Rdf8 23. Qe2 Rf6 24. b4 Rf5 25. Qxe6 Re5 26. Qf7 Re7 27. Qf3
Rhe8 28. Rad1 c6 29. Qd3 Re2 30. c4 R2e5 31. c5 Re2 32. Qc3 Qe5 33. Qc1 g5 34.
Qb1 Qc3 35. Qa1 Qxa1 36. Rxa1 R8e4 37. f3 Rd4 38. Rfb1 Rdd2 39. g4 Kc7 40. Rd1
Rg2+ 41. Kf1 Rdf2+ 42. Ke1 Rxf3 43. Rd2 Rxd2 44. Kxd2 Rxh3 45. Ke2 Rg3 46. Rh1
b6 47. cxb6+ axb6 48. a4 Rxg4 49. b5 cxb5 50. axb5 Rh4 51. Rd1 Kd6 0-1

[Event "Challenge"]
[Site "http://www.queenalice.com/game.php?id=1817551"]
[Date "2023.7.30"]
[Round "-"]
[White "Japy104"]
[Black "Capixabba789"]
[Result "1-0"]
[WhiteElo "1951"]
[BlackElo "1824"]

1. d4 d5 2. c4 Bf5 3. Nf3 e6 4. Nc3 Nf6 5. Bg5 Be7 6. cxd5 exd5 7. e3 O-O 8. Qb3
b6 9. Bxf6 Bxf6 10. Qxd5 Qxd5 11. Nxd5 Bd8 12. Be2 Nd7 13. O-O Be4 14. Nc3 Bb7
15. Rfc1 Nf6 16. Rc2 Nd5 17. a3 Bf6 18. Nxd5 Bxd5 19. Rac1 c6 20. Nd2 h6 21. b4
b5 22. Bf3 Bxf3 23. Nxf3 Rfc8 24. Rxc6 1-0

[Event "Challenge"]
[Site "http://www.queenalice.com/game.php?id=1818671"]
[Date "2023.8.13"]
[Round "-"]
[White "Mlintz"]
[Black "Japy104"]
[Result "1-0"]
[WhiteElo "1771"]
[BlackElo "1962"]

1. e4 e5 2. Nf3 Nc6 3. Bc4 Nf6 4. Ng5 d5 5. exd5 Nxd5 6. Nxf7 Kxf7 7. Qf3+ Ke6
8. Nc3 Nb4 9. Bb3 c6 10. O-O Kd6 11. a3 Nxc2 12. Bxc2 Nxc3 13. dxc3 Be7 14. Rd1+
1-0

[Event "Challenge"]
[Site "http://www.queenalice.com/game.php?id=1820680"]
[Date "2023.9.12"]
[Round "-"]
[White "Japy104"]
[Black "Mlintz"]
[Result "0-1"]
[WhiteElo "1951"]
[BlackElo "1905"]

1. d4 d5 2. c4 c6 3. Nf3 e6 4. Nc3 g6 5. Bf4 Bg7 6. e3 Nf6 7. Bd3 a5 8. O-O Nh5
9. Bxb8 Rxb8 10. Rb1 O-O 11. c5 Nf6 12. Re1 b5 13. Ne5 Bb7 14. e4 dxe4 15. Bxe4
Nd5 16. Nxd5 Bxe5 17. dxe5 cxd5 18. Bd3 Qg5 19. Rc1 Bc6 20. g3 Qh6 21. Qg4 Qd2
22. Qe2 Qh6 23. Qe3 Qh3 24. Bf1 Qf5 25. Bg2 a4 26. Qd4 b4 27. f4 Qh5 28. Re3 Qh6
29. Rd3 Rfd8 30. b3 a3 31. Qe3 Qg7 32. Rd4 Qf8 33. Qd2 Rb5 34. Rxb4 Rxc5 35.
Rxc5 Qxc5+ 36. Qd4 Qxd4+ 37. Rxd4 Ra8 38. Kf2 Kf8 39. Ke3 Ke7 40. Kd3 Rb8 41.
Kc3 f6 42. Rb4 Ra8 43. Rb6 d4+ 44. Kxd4 Bxg2 45. Rb5 Ra4+ 46. Kc5 Ra8 47. Kb4
Ra7 48. Ra5 Rxa5 49. Kxa5 fxe5 50. fxe5 Kd7 51. Kb4 Kc6 52. Kxa3 Kd5 53. Kb2
Kxe5 54. Kc2 Ke4 55. Kd1 g5 56. Ke2 Kd4 0-1

[Event "Challenge"]
[Site "http://www.queenalice.com/game.php?id=1829782"]
[Date "2024.1.20"]
[Round "-"]
[White "Japy104"]
[Black "cdare"]
[Result "1-0"]
[WhiteElo "1959"]
[BlackElo "1857"]

1. e4 d5 2. exd5 c6 3. dxc6 Nxc6 4. Nc3 Nf6 5. Bb5 Bd7 6. Nf3 e6 7. O-O Bc5 8.
d3 O-O 9. Bg5 Be7 10. Re1 a6 11. Bxc6 Bxc6 12. a3 Nd5 13. Bxe7 Qxe7 14. Ne5 Nxc3
15. bxc3 Qg5 16. Nxc6 bxc6 17. c4 Rab8 18. Qc1 Qxc1 19. Raxc1 c5 20. f3 g6 21.
Re5 Rfc8 22. Kf2 Rb2 23. Re2 Ra2 24. c3 Rxa3 25. d4 cxd4 26. cxd4 Ra4 27. Rec2
Rb4 28. Ke3 a5 29. c5 a4 30. Rc3 Rbb8 31. Kd3 Ra8 32. Ra1 Kf8 33. Rca3 Ke7 34.
Rxa4 Rxa4 35. Rxa4 Rc7 36. Kc4 f6 37. Ra6 Kd7 38. Rd6+ Ke7 39. Kb5 Rd7 40. Rxd7+
Kxd7 41. Kb6 e5 42. dxe5 fxe5 43. Kb7 h5 44. c6+ Kd8 45. c7+ 1-0

[Event "Challenge"]
[Site "http://www.queenalice.com/game.php?id=1844252"]
[Date "2024.9.25"]
[Round "-"]
[White "cdare"]
[Black "Japy104"]
[Result "0-1"]
[WhiteElo "1820"]
[BlackElo "1973"]

1. e4 Nc6 2. Nf3 d6 3. h3 g6 4. Nc3 Bg7 5. d4 e6 6. Bb5 Bd7 7. Bxc6 Bxc6 8. Bg5
Qd7 9. O-O h6 10. Bf4 O-O-O 11. a4 d5 12. e5 Ne7 13. b4 b6 14. Qd3 Bb7 15. Nb5
Kb8 16. a5 Ba6 17. c4 Nc6 18. Qb3 Bf8 19. Ra4 dxc4 20. Qxc4 Bxb4 21. Rxb4 Nxb4
22. Qxb4 Bxb5 23. Rd1 Be2 24. Rd2 Bxf3 25. gxf3 g5 26. Be3 Qd5 27. Kg2 Rdg8 28.
Kg3 h5 29. axb6 cxb6 30. Rc2 h4+ 31. Kg2 g4 32. hxg4 Rxg4+ 33. Kf1 Qxf3 34. Qd6+
Ka8 35. Qc6+ Qxc6 36. Rxc6 h3 0-1

[Event "Let's Play Chess!"]
[Site "http://www.queenalice.com/game.php?id=1845814"]
[Date "2024.10.22"]
[Round "-"]
[White "Japy104"]
[Black "harvir"]
[Result "1-0"]
[WhiteElo "1976"]
[BlackElo "1423"]

1. d4 c5 2. dxc5 d5 3. cxd6 e5 4. e4 Bxd6 5. Bb5+ Nc6 6. Bxc6+ bxc6 7. a3 Nf6 8.
Nc3 Qa5 9. Bd2 Ba6 10. Nge2 O-O 11. O-O Rab8 12. b4 Qc7 13. Re1 c5 14. Bg5 cxb4
15. axb4 Bb7 16. Bxf6 gxf6 17. Rb1 Rfd8 18. Qd3 Bxb4 19. Qg3+ Kh8 20. Rxb4 Qc5
21. Reb1 Qc7 22. f3 Bc6 23. Rxb8 Rxb8 24. Rxb8+ Qxb8 25. Qf2 a5 26. Qc5 Bd7 27.
Qxa5 Be6 28. Qa3 Qb6+ 29. Kf1 Bc4 30. Qf8# 1-0

[Event "Let's Play Chess!"]
[Site "http://www.queenalice.com/game.php?id=1846813"]
[Date "2024.11.9"]
[Round "-"]
[White "igor12345"]
[Black "Japy104"]
[Result "0-1"]
[WhiteElo "1946"]
[BlackElo "1943"]

1. e4 d5 2. exd5 Nf6 3. c4 c6 4. dxc6 Nxc6 5. Nc3 Bf5 6. d3 e6 7. a3 Qb6 8. Nf3
Ng4 9. Qd2 Bc5 10. d4 Nxd4 11. Na4 Nxf3+ 12. gxf3 Bxf2+ 13. Ke2 Qd4 14. h3 Qe5+
15. Kd1 Ne3+ 0-1

[Event "Let's Play Chess!"]
[Site "http://www.queenalice.com/game.php?id=1847545"]
[Date "2024.11.21"]
[Round "-"]
[White "Japy104"]
[Black "igor12345"]
[Result "1/2-1/2"]
[WhiteElo "1971"]
[BlackElo "2101"]

1. d4 d5 2. c4 c6 3. Nf3 Nf6 4. Nc3 h6 5. Bf4 e6 6. e3 a6 7. Bd3 Bd6 8. Bxd6
Qxd6 9. O-O O-O 10. Re1 b5 11. c5 Qc7 12. b4 a5 13. a3 Nbd7 14. e4 dxe4 15. Nxe4
Nd5 16. Nd6 a4 17. Ne5 f5 18. Ng6 N7f6 19. Nxf8 Kxf8 20. Qf3 Nc3 21. Nxc8 Qxc8
22. Bxf5 exf5 23. Qxc3 Ne4 24. Qe3 Qd7 25. Ra2 Rd8 26. Rd1 Qf7 27. Rc2 Re8 28.
f3 Nf6 29. Qf4 Nd5 30. Qd6+ Kg8 31. Qxc6 Ne3 32. Re2 Re6 33. Qc8+ Re8 34. Qc6
1/2-1/2

[Event "Let's Play Chess!"]
[Site "http://www.queenalice.com/game.php?id=1849088"]
[Date "2024.12.23"]
[Round "-"]
[White "igor12345"]
[Black "Japy104"]
[Result "1-0"]
[WhiteElo "1984"]
[BlackElo "1989"]

1. e4 c6 2. d4 d5 3. e5 Bf5 4. Nf3 e6 5. a3 c5 6. c3 Nc6 7. Be3 c4 8. b4 Bg4 9.
Be2 Be7 10. O-O Bxf3 11. Bxf3 Bg5 12. Qd2 Bxe3 13. Qxe3 Nge7 14. Bg4 a6 15. Nd2
O-O 16. f4 g6 17. Nf3 a5 18. b5 Na7 19. a4 Nac8 20. Ng5 h6 21. Nf3 Nf5 22. Qd2
Nce7 23. Bh3 Ng7 24. Rf2 Qb6 25. Kh1 Kh7 26. g4 Ng8 27. f5 exf5 28. gxf5 Rae8
29. Nh4 gxf5 30. Nxf5 Nxf5 31. Bxf5+ Kh8 32. Rg1 1-0

[Event "Let's Play Chess!"]
[Site "http://www.queenalice.com/game.php?id=1849102"]
[Date "2024.12.21"]
[Round "-"]
[White "Mlintz"]
[Black "Japy104"]
[Result "0-1"]
[WhiteElo "1864"]
[BlackElo "1978"]

1. e4 c5 2. c3 e6 3. d4 d5 4. exd5 exd5 5. Nf3 Nc6 6. Bb5 Bd7 7. Ne5 Nxe5 8.
Bxd7+ Nxd7 9. Be3 Ngf6 10. Nd2 Be7 11. b3 O-O 12. O-O Qa5 13. b4 cxb4 14. cxb4
Bxb4 15. Nb3 Qb5 16. a3 Bc3 17. Rb1 Qc4 18. Rc1 Rfc8 19. Rb1 Nb6 20. f3 Rc6 21.
h3 Rac8 22. Nc5 Nfd7 23. Nxb7 Rb8 24. Nc5 Nxc5 25. dxc5 Nd7 26. Qa4 Qxa4 27.
Rxb8+ Nxb8 28. Rb1 Be5 29. f4 Bxf4 30. Kh1 Bc7 31. Re1 Re6 0-1

[Event "Let's Play Chess!"]
[Site "http://www.queenalice.com/game.php?id=1850449"]
[Date "2025.1.16"]
[Round "-"]
[White "bobifixer"]
[Black "Japy104"]
[Result "1/2-1/2"]
[WhiteElo "1959"]
[BlackElo "2000"]

1. Nf3 d5 2. d4 Nf6 3. g3 c6 4. Bg2 Bf5 5. O-O e6 6. Bg5 Be7 7. Nbd2 O-O 8. Nh4
Nbd7 9. Nxf5 exf5 10. e3 h6 11. Bxf6 Nxf6 12. c4 dxc4 13. Nxc4 Rc8 14. Rc1 Bd6
15. Nxd6 Qxd6 16. a3 Rfe8 17. b4 Rc7 18. Qc2 Rec8 19. Qxf5 b6 20. Rc2 c5 21.
dxc5 bxc5 22. bxc5 Rxc5 23. Rxc5 Rxc5 24. Qb1 a5 25. Rd1 Qc7 26. a4 Rc4 27. Qa2
Ne4 28. Bxe4 Rxe4 29. Rd5 Re5 30. Rxe5 Qxe5 31. Qc2 Qa1+ 32. Kg2 Qa3 1/2-1/2

[Event "Let's Play Chess!"]
[Site "http://www.queenalice.com/game.php?id=1851192"]
[Date "2025.1.31"]
[Round "-"]
[White "Japy104"]
[Black "igor12345"]
[Result "1-0"]
[WhiteElo "1983"]
[BlackElo "2012"]

1. d4 d5 2. c4 c6 3. Nf3 Nf6 4. Nc3 a6 5. Bg5 e6 6. e3 b5 7. c5 Be7 8. Bd3 O-O
9. Qc2 g6 10. O-O-O a5 11. Bxf6 Bxf6 12. h4 a4 13. h5 Nd7 14. hxg6 Bg5 15. gxf7+
Rxf7 16. Bxh7+ Kf8 17. Bg6 Rg7 18. Rh8+ Rg8 19. Rdh1 Bf6 20. Rxg8+ Kxg8 21. Bh7+
Kf8 22. Qg6 Qe8 23. Qxe8+ Kxe8 24. Bg6+ Kd8 25. Ne2 Kc7 26. Rh7 Kb8 27. Be8 Ra7
28. Bxd7 Rxd7 29. Rxd7 Bxd7 30. a3 Kc8 31. Kd2 Kd8 32. Ne5 Bxe5 33. dxe5 Ke7 34.
Nf4 Be8 35. Ke2 Bf7 36. Kf3 Kf8 37. Kg4 Kg7 38. Kg5 Bg8 39. Nh5+ Kf8 40. Nf6 Bf7
41. g4 Kg7 42. f4 Bg6 43. f5 Bf7 44. Nh5+ Kh7 45. Kf6 Bxh5 46. gxh5 exf5 47.
Kxf5 1-0

[Event "Challenge"]
[Site "http://www.queenalice.com/game.php?id=1853016"]
[Date "2025.2.27"]
[Round "-"]
[White "cdare"]
[Black "Japy104"]
[Result "1-0"]
[WhiteElo "1794"]
[BlackElo "1994"]

1. e4 c5 2. Nf3 Nc6 3. Bb5 e6 4. c3 Nge7 5. d3 g6 6. Be3 Qa5 7. Bxc6 bxc6 8. O-O
Bg7 9. Nbd2 Ba6 10. Qc2 O-O 11. Nc4 Bxc4 12. dxc4 Nc8 13. a3 Nb6 14. Qe2 Na4 15.
e5 Rab8 16. Rab1 f6 17. exf6 Bxf6 18. Qd2 d5 19. cxd5 cxd5 20. Bg5 c4 21. Bxf6
Rxf6 22. Ne5 Nc5 23. Nc6 Qc7 24. Nxb8 Qxb8 25. Qd4 Nd7 26. g3 Ne5 27. Kg2 Kf7
28. f4 Nd3 29. Kg1 Qb6 30. Qxb6 axb6 31. Rfd1 Kg7 32. b3 g5 33. fxg5 Nf2 34.
gxf6+ 1-0

[Event "Let's Play Chess!"]
[Site "http://www.queenalice.com/game.php?id=1853077"]
[Date "2025.3.1"]
[Round "-"]
[White "igor12345"]
[Black "Japy104"]
[Result "0-1"]
[WhiteElo "1955"]
[BlackElo "1998"]

1. e4 e6 2. d4 d5 3. e5 c5 4. c3 Nc6 5. Nf3 Be7 6. Be2 cxd4 7. cxd4 Bb4+ 8. Nc3
Nge7 9. O-O O-O 10. a3 Bxc3 11. bxc3 Bd7 12. Rb1 Qc7 13. a4 Na5 14. Qc2 Rac8 15.
Ba3 Rfe8 16. Rfc1 Nc4 17. Bd6 Nxd6 18. exd6 Qxd6 19. Ne5 Rc7 20. Nxd7 Qxd7 21.
h3 Rec8 22. Bd3 g6 23. Qb2 Nc6 24. Bb5 a6 25. Be2 Na5 26. Qb4 Nc6 27. Qc5 Ne5
28. Qb4 Nc4 29. Bxc4 Rxc4 30. Qxb7 Qxb7 31. Rxb7 Rxa4 32. Rb3 Kg7 33. f4 Rxd4
34. cxd4 Rxc1+ 35. Kf2 Ra1 36. g4 a5 37. Rb6 a4 38. Ra6 a3 39. Kg3 a2 40. Kg2
Kf6 41. h4 h5 42. g5+ Kf5 43. Ra7 Kxf4 44. Rxf7+ Ke4 45. Ra7 Kxd4 46. Ra4+ Kc3
47. Ra6 e5 48. Rc6+ Kd4 0-1

[Event "Challenge"]
[Site "http://www.queenalice.com/game.php?id=1854226"]
[Date "2025.3.21"]
[Round "-"]
[White "Japy104"]
[Black "cdare"]
[Result "0-1"]
[WhiteElo "1970"]
[BlackElo "1861"]

1. c4 e5 2. Nc3 Nf6 3. g3 Nc6 4. Bg2 Bb4 5. Ne4 O-O 6. Nxf6+ Qxf6 7. Qc2 d6 8.
Be4 g6 9. Nf3 Bg4 10. O-O Bxf3 11. Bxf3 Nd4 12. Qa4 Bc5 13. Kg2 Nxf3 14. exf3
Qf5 15. g4 Qf6 16. d3 Kg7 17. Be3 Bb6 18. h4 Qxh4 19. Rh1 Qf6 20. Bh6+ Kg8 21.
Bxf8 Rxf8 22. Rh6 Qg5 23. Rah1 Qd2 24. Qd1 Qxf2+ 25. Kh3 f5 26. g5 f4 27. Qe1
Qxf3+ 28. Kh4 Bf2+ 0-1

[Event "Let's Play Chess!"]
[Site "http://www.queenalice.com/game.php?id=1854680"]
[Date "2025.3.29"]
[Round "-"]
[White "Olavio"]
[Black "Japy104"]
[Result "1-0"]
[WhiteElo "1970"]
[BlackElo "2012"]

1. e4 d5 2. exd5 Nf6 3. c4 c6 4. dxc6 Nxc6 5. Nf3 Bf5 6. a3 Qb6 7. Be2 e6 8. O-O
Bc5 9. Nc3 Nd4 10. Nxd4 Bxd4 11. Na4 Qc7 12. d3 O-O 13. Be3 Rad8 14. h4 e5 15.
g4 Be6 16. Bg5 e4 17. Bxf6 gxf6 18. Qd2 Bxc4 19. Kg2 exd3 20. Bf3 Qd7 21. Nc3
Bxc3 22. bxc3 Bd5 23. Bxd5 Qxd5+ 24. f3 Kh8 25. Qh6 Rg8 26. Qxf6+ Rg7 27. Rad1
Rd6 28. Qf4 Rxg4+ 29. Qxg4 Rg6 30. Kh3 Rxg4 31. fxg4 d2 32. Rf2 Qd3+ 33. Kh2 Kg7
34. Rdxd2 Qxc3 35. Rd5 Qxa3 36. Rd7 Qb3 37. g5 a5 38. h5 1-0

[Event "Challenge"]
[Site "http://www.queenalice.com/game.php?id=1857661"]
[Date "2025.5.22"]
[Round "-"]
[White "Japy104"]
[Black "Olavio"]
[Result "0-1"]
[WhiteElo "1950"]
[BlackElo "2068"]

1. d4 d5 2. c4 Nf6 3. Bg5 Ne4 4. Bf4 g5 5. Be5 f6 6. Bg3 h5 7. f3 Nxg3 8. hxg3
Qd6 9. Nc3 Qxg3+ 10. Kd2 Bh6 11. Nxd5 Qf2 0-1